История космического соперничества СССР и США: пер. с англ.

Bibliografische gegevens
Hoofdauteur: Хардести В. Вон
Andere auteurs: Айсман Дж. Джин
Samenvatting:Противостояние СССР и США, начавшееся с запуска Советским Союзом первого спутника в 1957 году и постепенно вылившееся в холодную войну, послужило причиной грандиозных свершений в области освоения космоса. Эта книга включает в себя хронику как советских, так и американских космических исследований и достижений, подробное описание полета Найла Армстронга и База Олдрина на Луну, а также множество редких и ранее не опубликованных фотографий. Авторы книги — Вон Хардести, куратор Национального Смитсонианского аэрокосмиче-ского музея, и Джин Айсман, известный исследователь и журналист, показывают, каким образом «параллельные исследования» двух стран заставляли их наращивать темпы освоения космоса, как между США и СССР назревал конфликт, в центре которого были Джон Кеннеди и Никита Хрущев. Это история освоения космоса, неразрывно связанная с историей противостояния двух великих держав на Земле.
Taal:Russisch
Gepubliceerd in: СПб., Питер, 2009
Onderwerpen:
Formaat: Boek
KOHA link:https://koha.lib.tpu.ru/cgi-bin/koha/opac-detail.pl?biblionumber=196282

MARC

LEADER 00000nam0a2200000 4500
001 196282
005 20231101224700.0
010 |a 9785388002181 
035 |a (RuTPU)RU\TPU\book\214128 
090 |a 196282 
100 |a 20110520d2009 km y0rusy50 ca 
101 1 |a rus  |c eng 
102 |a RU 
105 |a a z 000zy 
200 1 |a История космического соперничества СССР и США  |e пер. с англ.  |f В. Хардести, Дж. Айсман 
210 |a СПб.  |c Питер  |d 2009 
215 |a 286 с.  |c ил. 
330 |a Противостояние СССР и США, начавшееся с запуска Советским Союзом первого спутника в 1957 году и постепенно вылившееся в холодную войну, послужило причиной грандиозных свершений в области освоения космоса. Эта книга включает в себя хронику как советских, так и американских космических исследований и достижений, подробное описание полета Найла Армстронга и База Олдрина на Луну, а также множество редких и ранее не опубликованных фотографий. Авторы книги — Вон Хардести, куратор Национального Смитсонианского аэрокосмиче-ского музея, и Джин Айсман, известный исследователь и журналист, показывают, каким образом «параллельные исследования» двух стран заставляли их наращивать темпы освоения космоса, как между США и СССР назревал конфликт, в центре которого были Джон Кеннеди и Никита Хрущев. Это история освоения космоса, неразрывно связанная с историей противостояния двух великих держав на Земле. 
606 1 |a Звездные войны  |2 stltpush  |3 (RuTPU)RU\TPU\subj\11444  |9 38380 
606 1 |a Космическое пространство  |x Освоение  |2 stltpush  |3 (RuTPU)RU\TPU\subj\15880  |9 42084 
610 1 |a международные отношения 
610 1 |a США 
610 1 |a СССР 
610 1 |a космос 
610 1 |a соперничество 
610 1 |a ракеты 
610 1 |a спутники 
610 1 |a холодная война 
610 1 |a космические исследования 
610 1 |a космические исследовательские корабли 
610 1 |a политические конфликты 
610 1 |a противостояние 
610 1 |a 20 век 
675 |a 629.78  |v 3 
686 |a Ф4(0)30  |v LBC/SL-A  |2 rubbk 
700 1 |a Хардести  |b В.  |g Вон 
701 1 |a Айсман  |b Дж.  |g Джин 
801 1 |a RU  |b 63413507  |c 20110520 
801 2 |a RU  |b 63413507  |c 20140327  |g RCR 
942 |c BK 
959 |a 52/20110518  |d 1  |e 184,00  |f ЧЗГЛ:1